Statistics for Black and White Animals

Click here to take the quiz!

General Stats

  • This quiz has been taken 31 times
    (7 since last reset)
  • The average score is 11 of 15

Answer Stats

Answer% Correct
Badger
100%
Giant panda
100%
Killer whale
100%
Ring tailed lemur
100%
Striped skunk
100%
Zebra
100%
Chinstrap penguin
86%
Magpie
71%
Pied kingfisher
57%
Black and white colobus
43%
Black and white ruffed lemur
43%
Eider duck
43%
Greater spotted woodpecker
43%
Malayan tapir
43%
Pied avocet
43%

Score Distribution

Percentile by Number Answered

Percent of People with Each Score

Your Score History

You have not taken this quiz since the last reset